Wirtschaft ohne Wachstum?: Denkanstöße, Handlungskonzepte, Strategien
enth.
| Corporate Authors: | ; |
|---|---|
| Format: | Print Book |
| Language: | German |
| Published: |
Wiesbaden
Gabler
1999
|
| In: | Year: 1999 |
| Online Access: |
Table of Contents Table of Contents |
| Check availability: | HBZ Gateway |
| Subito Delivery Service: | Order now. |
| Volumes / Articles: | Show volumes/articles. |
| Keywords: |
MARC
| LEADER | 00000cam a2200000 c 4500 | ||
|---|---|---|---|
| 001 | 253393191 | ||
| 003 | DE-627 | ||
| 005 | 20260206194930.0 | ||
| 007 | tu | ||
| 008 | 990119s1999 gw ||||| 00| ||ger c | ||
| 015 | |a 99,N07,0317 |2 dnb | ||
| 015 | |a 99,A35,0491 |2 dnb | ||
| 016 | 7 | |a 955589746 |2 DE-101 | |
| 020 | |a 3409190279 |9 3-409-19027-9 | ||
| 035 | |a (DE-627)253393191 | ||
| 035 | |a (DE-603)061375411 | ||
| 035 | |a (DE-576)072342374 | ||
| 035 | |a (DE-599)GBV253393191 | ||
| 035 | |a (OCoLC)245947808 | ||
| 035 | |a (OCoLC)47624212 | ||
| 035 | |a (DE-604)8123838991 | ||
| 040 | |a DE-627 |b ger |c DE-627 |e rakwb | ||
| 041 | |a ger | ||
| 044 | |c XA-DE | ||
| 082 | 0 | |a 338.943/07/09051 | |
| 082 | 0 | |a 338.9430709051 |q LoC |2 DDC21oclc | |
| 084 | |a 17 |a 44 |2 sdnb | ||
| 084 | |a QT 200 |2 rvk |0 (DE-625)rvk/142106: | ||
| 084 | |a QC 347 |2 rvk |0 (DE-625)rvk/141274: | ||
| 084 | |a QC 340 |2 rvk |0 (DE-625)rvk/141271: | ||
| 084 | |a 83.31 |2 bkl | ||
| 245 | 0 | 0 | |a Wirtschaft ohne Wachstum? |b Denkanstöße, Handlungskonzepte, Strategien |c Greenpeace; Deutsches Institut für Wirtschaftsforschung (Hrsg.) |
| 264 | 1 | |a Wiesbaden |b Gabler |c 1999 | |
| 300 | |a 196 S. |b graph. Darst. |c a | ||
| 336 | |a Text |b txt |2 rdacontent | ||
| 337 | |a ohne Hilfsmittel zu benutzen |b n |2 rdamedia | ||
| 338 | |a Band |b nc |2 rdacarrier | ||
| 500 | |a Literaturverz. S. [181] - 196 | ||
| 500 | |a Enth. 13 Beitr | ||
| 520 | |a enth. | ||
| 583 | 1 | |a Archivierung/Langzeitarchivierung gewährleistet |f PEHE |2 pdager |5 DE-43 | |
| 650 | 7 | |8 1.1\x |a Steady-State-Ökonomie |0 (DE-627)091364302 |0 (DE-2867)10411-1 |2 stw | |
| 650 | 7 | |8 1.2\x |a Stagnation |0 (DE-627)091391865 |0 (DE-2867)10413-4 |2 stw | |
| 650 | 7 | |8 1.3\x |a Nachhaltige Entwicklung |0 (DE-627)091379121 |0 (DE-2867)18325-3 |2 stw | |
| 650 | 7 | |8 1.4\x |a Erwerbstätigkeit |0 (DE-627)091358078 |0 (DE-2867)11272-5 |2 stw | |
| 650 | 7 | |8 1.5\x |a Soziale Sicherheit |0 (DE-627)091390028 |0 (DE-2867)16542-5 |2 stw | |
| 650 | 7 | |8 1.6\x |a Wirtschaftsordnung |0 (DE-627)091401119 |0 (DE-2867)11068-4 |2 stw | |
| 650 | 7 | |8 1.7\x |a Internationale Wirtschaft |0 (DE-627)091348722 |0 (DE-2867)10605-2 |2 stw | |
| 650 | 7 | |8 1.8\x |a Welt |0 (DE-627)09140004X |0 (DE-2867)16809-5 |2 stw | |
| 650 | 7 | |8 1.9\x |a Deutschland |0 (DE-627)091354749 |0 (DE-2867)18012-3 |2 stw | |
| 650 | 0 | 7 | |0 (DE-588)4066527-6 |0 (DE-627)106113232 |0 (DE-576)209164956 |a Wirtschaftswachstum |2 gnd |
| 650 | 0 | 7 | |0 (DE-588)4326464-5 |0 (DE-627)131309382 |0 (DE-576)211272418 |a Nachhaltigkeit |2 gnd |
| 650 | 0 | 7 | |0 (DE-588)4061655-1 |0 (DE-627)106134949 |0 (DE-576)209140712 |a Umweltverträglichkeit |2 gnd |
| 655 | 4 | |0 (DE-206)3 |a Bibliographie enthalten |5 DE-206 | |
| 655 | 7 | |a Aufsatzsammlung |0 (DE-588)4143413-4 |0 (DE-627)105605727 |0 (DE-576)209726091 |2 gnd-content | |
| 655 | 7 | |a Konferenzschrift |0 (DE-588)1071861417 |0 (DE-627)826484824 |0 (DE-576)433375485 |2 gnd-content | |
| 689 | 0 | 0 | |d s |0 (DE-588)4066527-6 |0 (DE-627)106113232 |0 (DE-576)209164956 |a Wirtschaftswachstum |2 gnd |
| 689 | 0 | 1 | |d s |0 (DE-588)4326464-5 |0 (DE-627)131309382 |0 (DE-576)211272418 |a Nachhaltigkeit |2 gnd |
| 689 | 0 | 2 | |d s |0 (DE-588)4061655-1 |0 (DE-627)106134949 |0 (DE-576)209140712 |a Umweltverträglichkeit |2 gnd |
| 689 | 0 | |5 DE-101 | |
| 710 | 2 | |a Greenpeace e.V. |0 (DE-588)2082133-5 |0 (DE-627)100096077 |0 (DE-576)192498878 |4 oth | |
| 710 | 2 | |a Deutsches Institut für Wirtschaftsforschung |0 (DE-588)37419-2 |0 (DE-627)735543119 |0 (DE-576)190352574 |4 oth | |
| 856 | 4 | 2 | |u http://www.gbv.de/dms/hbz/toc/ht010183755.pdf |m V:DE-605 |q pdf/application |v 2008-11-15 |x Verlag |y Inhaltsverzeichnis |3 Inhaltsverzeichnis |7 1 |
| 856 | 4 | 2 | |u http://scans.hebis.de/HEBCGI/show.pl?06137541_toc.pdf |m V:DE-605 |q application/pdf |3 Inhaltsverzeichnis |7 1 |
| 935 | |i Blocktest | ||
| 936 | r | v | |a QT 200 |b Erhaltungsmaßnahmen |k Wirtschaftswissenschaften |k Umweltökonomie |k Erhaltungsmaßnahmen |0 (DE-627)1271477912 |0 (DE-625)rvk/142106: |0 (DE-576)201477912 |
| 936 | r | v | |a QC 347 |b Staatliche Wachstums- und Entwicklungspolitik |k Wirtschaftswissenschaften |k Wirtschaftstheorie, einschließlich Geldtheorie |k Wert-, Preis- und Allokationstheorie |k Makroökonomische Theorie. Geldtheorie. Konjunkturtheorie. Wachstumstheorie |k Wachstums- und Entwicklungstheorie |k Staatliche Wachstums- und Entwicklungspolitik |0 (DE-627)1271503751 |0 (DE-625)rvk/141274: |0 (DE-576)201503751 |
| 936 | r | v | |a QC 340 |b Allgemeines |k Wirtschaftswissenschaften |k Wirtschaftstheorie, einschließlich Geldtheorie |k Wert-, Preis- und Allokationstheorie |k Makroökonomische Theorie. Geldtheorie. Konjunkturtheorie. Wachstumstheorie |k Wachstums- und Entwicklungstheorie |k Allgemeines |0 (DE-627)1270742566 |0 (DE-625)rvk/141271: |0 (DE-576)200742566 |
| 936 | b | k | |a 83.31 |j Wirtschaftswachstum |0 (DE-627)106420372 |
| 936 | s | n | |a q100 |2 mzub |
| 936 | s | n | |a a500 |2 mzub |
| 936 | s | n | |a z210 |2 mzub |
| 951 | |a BO | ||
| ELC | |b 1 | ||
| LOK | |0 000 xxxxxcx a22 zn 4500 | ||
| LOK | |0 001 3289211215 | ||
| LOK | |0 003 DE-627 | ||
| LOK | |0 004 253393191 | ||
| LOK | |0 005 20151123115350 | ||
| LOK | |0 008 151123||||||||||||||||ger||||||| | ||
| LOK | |0 040 |a DE-21-110 |c DE-627 |d DE-21-110 | ||
| LOK | |0 852 |z Kein Bestand am IfK; Nachweis für KrimDok | ||
| LOK | |0 852 |a DE-21-110 | ||
| LOK | |0 852 1 |m v |9 00 | ||
| LOK | |0 938 |k v | ||
| LOK | |0 939 |a 23-11-15 |b l01 | ||
| ORI | |a SA-MARC-krimdoka001.raw | ||
| SPR | |a 1 |t KRI | ||
